00235nam a2200097Ia 4500008004100000082001400041100002200055245002500077260002000102600001500122241002s9999 xx 000 0 und d a128.2 RUS aRussell, Bertrand 4aThe Analysis of Mind aNew York:c1951 aPhilosophy